Laboratory Design Guide (Record no. 8161)
[ view plain ]
| 000 -LEADER | |
|---|---|
| fixed length control field | 00522nam a22002057a 4500 |
| 003 - CONTROL NUMBER IDENTIFIER | |
| control field | OSt |
| 005 - DATE AND TIME OF LATEST TRANSACTION | |
| control field | 20230928115101.0 |
| 008 - FIXED-LENGTH DATA ELEMENTS--GENERAL INFORMATION | |
| fixed length control field | 230928b |||||||| |||| 00| 0 eng d |
| 020 ## - INTERNATIONAL STANDARD BOOK NUMBER | |
| International Standard Book Number | 0750660899 |
| 040 ## - CATALOGING SOURCE | |
| Transcribing agency | DNLM |
| 082 ## - DEWEY DECIMAL CLASSIFICATION NUMBER | |
| Classification number | QY26 G875l 2005 |
| 100 ## - MAIN ENTRY--PERSONAL NAME | |
| Personal name | Griffin, Brian |
| 9 (RLIN) | 16660 |
| 245 ## - TITLE STATEMENT | |
| Title | Laboratory Design Guide |
| 250 ## - EDITION STATEMENT | |
| Edition statement | 3rd ed. |
| 260 ## - PUBLICATION, DISTRIBUTION, ETC. (IMPRINT) | |
| Place of publication, distribution, etc. | London; Routledge, 2005 |
| 300 ## - PHYSICAL DESCRIPTION | |
| Extent | xxiv,346p; ill: 23cm |
| 500 ## - GENERAL NOTE | |
| General note | Appendices,& index included |
| 650 ## - SUBJECT ADDED ENTRY--TOPICAL TERM | |
| Topical term or geographic name as entry element | Laboratory design |
| 9 (RLIN) | 16661 |
| 942 ## - ADDED ENTRY ELEMENTS (KOHA) | |
| Source of classification or shelving scheme | Other/Generic Classification Scheme |
| Koha item type | Open Shelf |
| Withdrawn status | Lost status | Source of classification or shelving scheme | Damaged status | Not for loan | Home library | Current library | Date acquired | Source of acquisition | Inventory number | Total Checkouts | Full call number | Barcode | Date last seen | Koha item type |
|---|---|---|---|---|---|---|---|---|---|---|---|---|---|---|
| Other/Generic Classification Scheme | MUST Main Library | MUST Main Library | 28/09/2023 | Purchase | 23/42127 | QY26 G875l 2005 | 2023-0526 | 28/09/2023 | Open Shelf | |||||
| Other/Generic Classification Scheme | MUST Main Library | MUST Main Library | 28/09/2023 | Purchase | 23/42128 | QY26 G875l 2005 | 2023-0527 | 28/09/2023 | Open Shelf |
